Who Did That Rock Song? #3 - Statistics

General Stats
  • This quiz has been taken 297 times
    291 since last reset
  • The average score is 12 of 20
Answer Stats
Year Song Answer % Correct
1979 Highway to Hell AC/DC
95%
1986 Livin' on a Prayer Bon Jovi
94%
1995 Wonderwall Oasis
90%
2004 Boulevard of Broken Dreams Green Day
87%
1991 Losing my Religion R.E.M
83%
1970 Paranoid Black Sabbath
82%
2003 Seven Nation Army The White Stripes
81%
1987 Pour Some Sugar on Me Def Leppard
74%
1981 In the Air Tonight Phil Collins
73%
1975 Wish You Were Here Pink Floyd
68%
1971 Black Dog Led Zeppelin
67%
1969 Fortunate Son Creedence Clearwater Revival
62%
1964 You Really Got Me Kinks
56%
1978 Runnin' With the Devil Van Halen
46%
2000 Kryptonite 3 Doors Down
41%
1994 Say it ain't So Weezer
39%
1984 Old Time Rock and Roll Bob Seger
34%
1958 Good Golly Miss Molly Little Richard
30%
1967 Heroin The Velvet Underground
16%
2013 Black Chandelier Biffy Clyro
6%
No matching quizzes found
Score Distribution
Percent of People with Each Score
Percentile by Number Answered
Your Score History
You have not taken this quiz since the last reset